Score 0/6 Timer 02:00
0 Plays Today
Year Title % Correct
2000The Tipping Point: How Little Things Can Make a Big Difference
77.5%
2005Blink: The Power of Thinking Without Thinking
75.1%
2008Outliers: The Story of Success
74.6%
2009What the Dog Saw: And Other Adventures
44.7%
2019Talking to Strangers: What We Should Know about the People We Don't Know
40%
2013David and Goliath: Underdogs, Misfits and the Art of Battling Giants
12.9%

You're not logged in!

Compare scores with friends on all Sporcle quizzes.
OR
Log In

Sporcle TV

Today on Sporcle TV


Watch our educational content, quiz creation guides, and fun videos on Sporcle TV.

Show Comments

Extras

Top Quizzes Today


Score Distribution

Paid Content

Your Account Isn't Verified!

In order to create a playlist on Sporcle, you need to verify the email address you used during registration. Go to your Sporcle Settings to finish the process.

Report this User

Report this user for behavior that violates our Community Guidelines.

Details: